Sightseeing with Frodo Quiz Stats

 Plays Quiz not verified by Sporcle

Challenge
Share
Tweet
Embed
Score 0/27 Timer 10:00
0 Plays Today
% Correct
Shelob's Lair
93.3%
Rivendell
92%
The Prancing Pony
91.1%
Weathertop
89.7%
Dead Marshes
89.7%
Bree
89.3%
Tom Bombadil's House
88.4%
Hobbiton
87.9%
Moria
87.9%
Black Gate
84.8%
Brandywine River
84.8%
Lorien
83.9%
Maggot's Farm
82.6%
Old Forest
80.8%
% Correct
Anduin River
80.4%
Minas Morgul
80.4%
Caradhras
79.5%
Emyn Muil
73.7%
Barrow Downs
73.2%
Ford of Bruinen
71%
Misty Mountains
71%
Ithilien
70.1%
Troll Shaws
65.2%
Crickhollow
59.4%
Midgewater Marsh
58.9%
Gorgoroth
52.7%
Henneth Annun
45.5%

You're not logged in!

Compare scores with friends on all Sporcle quizzes.
Join for Free
OR
Log In

You Might Also Like...

Show Comments

Extras

Top Quizzes Today


Score Distribution

Your Account Isn't Verified!

In order to create a playlist on Sporcle, you need to verify the email address you used during registration. Go to your Sporcle Settings to finish the process.

Report this User

Report this user for behavior that violates our Community Guidelines.

Details: